书目信息 |
| 题名: |
中国人容易理解错的英语语法
|
|
| 作者: | 权太龙 , 周丽娟 主编 | |
| 分册: | ||
| 出版信息: | 长春 吉林科学技术出版社 2002.03 |
|
| 页数: | 403页 | |
| 开本: | 22cm | |
| 丛书名: | ||
| 单 册: | ||
| 中图分类: | H319.9 | |
| 科图分类: | ||
| 主题词: | 英语--语法 | |
| 电子资源: | ||
| ISBN: | 7-5384-2908-5 | |
| 000 | 00987nam0 2200253 4550 | |
| 001 | 192004000950 | |
| 005 | 20070911093517.05 | |
| 010 | @a7-5384-2908-5@dCNY16.00 | |
| 100 | @a20070531d2002 ekmy0chiy0121 ea | |
| 101 | 0 | @achi@aeng |
| 102 | @aCN@b220000 | |
| 105 | @ay z 000yy | |
| 200 | 1 | @a中国人容易理解错的英语语法@Azhong guo ren rong yi li jie cuo de ying yu yu fa@f权太龙, 周丽娟主编 |
| 210 | @a长春@c吉林科学技术出版社@d2002.03 | |
| 215 | @a403页@d22cm | |
| 312 | @a英文并列题名取自封面 | |
| 330 | @a本书作者竭数十年英语教学的心血,集中国人学习英语所犯的典型错误和易混语法难点按英语语法书的编排顺序编辑而成,多角度全方位地推荐给读者各类词、句、非谓语动词、倒装、虚拟及主谓一致等诸多易混易错之难点,并加以分析拓展。 | |
| 510 | 1 | @aEnglish grammar difficult to understand for chinese@zeng |
| 606 | 0 | @a英语@x语法 |
| 690 | @aH319.9@v4 | |
| 701 | 0 | @a权太龙@Aquan tai long@4主编 |
| 701 | 0 | @a周丽娟@Azhou li juan@4主编 |
| 801 | 0 | @aCN@c20070911 |
| 905 | @dH319.9@eQ857 | |
| 中国人容易理解错的英语语法/权太龙, 周丽娟主编.-长春:吉林科学技术出版社,2002.03 |
| 403页;22cm |
| ISBN 7-5384-2908-5:CNY16.00 |
| 本书作者竭数十年英语教学的心血,集中国人学习英语所犯的典型错误和易混语法难点按英语语法书的编排顺序编辑而成,多角度全方位地推荐给读者各类词、句、非谓语动词、倒装、虚拟及主谓一致等诸多易混易错之难点,并加以分析拓展。 |
| ● |
| 相关链接 |
|
|
|
正题名:中国人容易理解错的英语语法
索取号:H319.9/Q857
 
预约/预借
| 序号 | 登录号 | 条形码 | 馆藏地/架位号 | 状态 | 备注 |
| 1 | 623371 | 206233716 | 语言库209/209语言库 106排1列5层/ [索取号:H319.9/Q857] | 在馆 | |
| 2 | 623372 | 206233725 | 语言库209/209语言库 106排1列5层/ [索取号:H319.9/Q857] | 在馆 | |
| 3 | 623373 | 206233734 | 语言库209/209语言库 106排1列5层/ [索取号:H319.9/Q857] | 在馆 |